Phân tâm học và tính cách dân tộc

Na minha lista:
Detalhes bibliográficos
Formato: Livro
Idioma:Undetermined
Publicado em: Hà Nội Tri thức 2007
Assuntos:
Tags: Adicionar Tag
Sem tags, seja o primeiro a adicionar uma tag!
Thư viện lưu trữ: Trung tâm Học liệu Trường Đại học Cần Thơ
LEADER 00549nam a2200181Ia 4500
001 CTU_129077
008 210402s9999 xx 000 0 und d
020 |c 72000 
082 |a 150.195 
082 |b Ph121 
245 0 |a Phân tâm học và tính cách dân tộc 
245 0 |c Đỗ Lai Thuý biên soạn và giới thiệu 
260 |a Hà Nội 
260 |b Tri thức 
260 |c 2007 
650 |a Psychoanalysis,Phân tâm học 
904 |i Tuyến 
980 |a Trung tâm Học liệu Trường Đại học Cần Thơ